Complete the Card - WWE Vengeance 2002 - Statistics

General Stats
  • This quiz has been taken 183 times
  • The average score is 18 of 21
Answer Stats
Answer % Correct
Kurt Angle
99%
The Rock
97%
The Undertaker
96%
Bubba Ray Dudley
95%
Christian
94%
Edge
94%
Spike Dudley
94%
Eddie Guerrero
91%
Chris Benoit
89%
Chris Jericho
89%
Jeff Hardy
89%
Brock Lesnar
88%
The Big Show
88%
Rob Van Dam
86%
Lance Storm
84%
William Regal
84%
Hollywood Hulk Hogan
81%
John Cena
75%
Billy Kidman
74%
Jamie Noble
74%
Booker T
70%
No matching quizzes found
Score Distribution
Percent of People with Each Score
Percentile by Number Answered
Your Score History
You have not taken this quiz